Analysis and Design principles of MEMS Devices / (Record no. 178615)

000 -LEADER
fixed length control field 00702 a2200181 4500
003 - CONTROL NUMBER IDENTIFIER
control field Nust
005 - DATE AND TIME OF LATEST TRANSACTION
control field 20230825093802.0
020 ## - INTERNATIONAL STANDARD BOOK NUMBER
Terms of availability 0444516166
040 ## - CATALOGING SOURCE
Transcribing agency Nust
082 ## - DEWEY DECIMAL CLASSIFICATION NUMBER
Classification number 621.381,BAO
100 ## - MAIN ENTRY--PERSONAL NAME
Personal name Minhang Bao
9 (RLIN) 96788
245 ## - TITLE STATEMENT
Title Analysis and Design principles of MEMS Devices /
Statement of responsibility, etc. Minhang Bao
260 ## - PUBLICATION, DISTRIBUTION, ETC.
Place of publication, distribution, etc. Amsterdam
Name of publisher, distributor, etc. ELsevier
Date of publication, distribution, etc. 2005
300 ## - PHYSICAL DESCRIPTION
Extent 312: p
505 ## - FORMATTED CONTENTS NOTE
Formatted contents note Introduction to MEMS devices (Page-1), Mechanics of beam and diaphragm structures (Page-33), Air damping (Page-115), Electrostatic actuation (Page-175), Capacitive sensing and effects of electrical excitation (Page-213), Piezoresistive sensing (Page-247),
650 ## - SUBJECT ADDED ENTRY--TOPICAL TERM
Topical term or geographic name entry element Telecommunication Engineering.
942 ## - ADDED ENTRY ELEMENTS (KOHA)
Koha item type Reference
Source of classification or shelving scheme
Holdings
Withdrawn status Lost status Source of classification or shelving scheme Damaged status Not for loan Permanent Location Current Location Shelving location Date acquired Full call number Barcode Date last seen Price effective from Koha item type Public note
          Military College of Signals (MCS) Military College of Signals (MCS) Reference 12/12/2016 621.381,BAO MCS32436 12/08/2016 12/12/2016 Reference Almirah No.20, Shelf No.1
© 2023 Central Library, National University of Sciences and Technology. All Rights Reserved.